Nositelé Nobelovy ceny za ekonomii pro rok 2011

Informácia o nositeľoch Nobelovej ceny z roku 2011- Thomas John Sargentovi a Ch.A. Simsovi za empirický výzkum príčin a dôsledkov v makroekonómii.

Enregistré dans:
Détails bibliographiques
Auteur principal: Sirůček, Pavel
Format: Chapitre de livre
Langue:tchèque
Sujets:
Tags: Ajouter un tag
Pas de tags, Soyez le premier à ajouter un tag!

MARC

LEADER 00000naa a2200000 4500
001 0150005
005 20231207120958.3
041 0 |a cze 
044 |a CZ 
245 1 0 |a Nositelé Nobelovy ceny za ekonomii pro rok 2011  |c Pavel Sirůček 
520 |a Informácia o nositeľoch Nobelovej ceny z roku 2011- Thomas John Sargentovi a Ch.A. Simsovi za empirický výzkum príčin a dôsledkov v makroekonómii. 
610 2 0 |a Nobelova cena 
610 2 0 |a makroekonomika 
610 2 0 |a Sargent, T.J. 
610 2 0 |a Sims, Ch.A. 
610 2 0 |a 2011 
100 1 |a Sirůček, Pavel